PLANT CAST PRECAST AND PRESTRESSED CONCRETE (Record no. 547306)

000 -LEADER
fixed length control field 00408 a2200133 4500
082 ## - DEWEY DECIMAL CLASSIFICATION NUMBER
Classification number 624.183412
Author Mark PHI
100 ## - MAIN ENTRY--PERSONAL NAME
Personal name PHILIPS, WILLIAM R
9 (RLIN) 43517
245 ## - TITLE STATEMENT
Title PLANT CAST PRECAST AND PRESTRESSED CONCRETE
260 ## - PUBLICATION, DISTRIBUTION, ETC.
Place of publication, distribution, etc. USA
Name of publisher, distributor, etc. THE PRESTRESSED CONCRETE ASSIOCATION
Date of publication, distribution, etc. 1980
300 ## - PHYSICAL DESCRIPTION
Extent VII, 547P.
Dimensions 24CM
500 ## - GENERAL NOTE
General note PRESTRESSED CONCRETE
526 ## - STUDY PROGRAM INFORMATION NOTE
Program name 0
Interest level 0
Reading level 0
Title point value 624_183412000000000_PHI_PHILIP
942 ## - ADDED ENTRY ELEMENTS (KOHA)
Source of classification or shelving scheme
Koha item type Book Bank
Holdings
Withdrawn status Lost status Source of classification or shelving scheme Damaged status Not for loan Permanent Location Current Location Date acquired Total Checkouts Full call number Barcode Date last seen Date last checked out Price effective from Koha item type
          Military College of Engineering (MCE) Military College of Engineering (MCE) 07/07/2014 1 624.183412 PHI PHILIPS, WILLIAM R MCE-25653 04/11/2016 03/30/2016 07/07/2014 Book Bank
© 2023 Central Library, National University of Sciences and Technology. All Rights Reserved.